000
00332nam a2200145Ia 4500
008
191201s2008 xx 000 0 und d
082
_a
658.3
_b
GUT
100
_a
GUPTA, S C
245
0
_a
Text Book of International HRM
250
_a
1st
260
_a
N.Delhi
_b
Macmillan
_c
2008
300
_a
246
650
_a
MBA
942
_2
ddc
_c
BK
999
_c
3078
_d
3078